000 00286nam a22001337a 4500
008 170802b xxu||||| |||| 00| 0 eng d
020 _a9780619160449
041 _aeng
080 _a004
100 _a32
101 _aSHKI
245 _aC++ PROGRAMMING
_cMALIK, D.S
942 _2udc
_cBK
999 _c22472
_d22472